LEADER 01216nam a2200265 4500 001 000000352606 003 CaOOAMICUS 005 20230220162136.0 008 230109s2022 it a 000 u ita r 020 $a978-88-89709-78-8 040 $aSeMil$bita 100 1 $aComini, Claudio,$d<1963- >.$0(OLS)http://semarc/name/112624 245 13$aLa dolce atmosfera di Venezia /$cClaudio Comini. 264 1$aLozzo Atestino (Pd) :$bVenilia Editrice ;$aPadova :$bValentina Editrice,$c2022. 300 $a43 p. :$bill. ;$c20 cm 541 0 $aOmaggio mons. Mario Delpini (5B III 65/12) 850 $aSeMil 852 $aSeMil$W1$xVenegono$y1$m5B III 65/12$j237385$B243831$CSeMilBibl$Z2$F243831 $81 941 1 $a7 961 $aOmaggio mons. Mario Delpini.-- Con dedica autografa dell?autore (Claudio Comini) a mons. Mario Delpini (2 dicembre 2022) 996 $6020$a978-88-89709-78-8$9(OLS)http://semarc/number/297389 996 $6245$aLa dolce atmosfera di Venezia$9(OLS)http://semarc/title/442492 996 $6264$aLozzo Atestino (Pd) :$bVenilia Editrice$9(OLS)http://semarc/publisher/60791 996 $6264$aPadova :$bValentina Editrice$9(OLS)http://semarc/publisher/60792 LEADER 00792nam a2200193 i 4500 001 000000168025 003 CaOOAMICUS 005 20260327162129.0 008 071215s1956 it u000 u ita u 040 $aSeMil$bita 245 10$aFiabe e leggende dell'Europa Orientale /$cillustrazioni di Marino. 300 $a645 p., [32] p. di tav. 650 4$aFiabe - Europa orientale.$0(OLS)http://semarc/subject/59887 700 1 $aGuarguaglini, Marino.$0(OLS)http://semarc/name/63129 773 0 $tEnciclopedia della fiaba.$dMilano ; Messina : Principato, 1955-1956.$g2$w()18961 850 $aSeMil 852 $aSeMil$W1$xVenegono$y1$m1W VI 194/2$j269272$B119135$CSeMilBibl$Z2$F130027 $81 996 $6245$aFiabe e leggende dell'Europa Orientale$9(OLS)http://semarc/title/240400